|
|
|
|
| LEADER |
01110nam a2200265 u 4500 |
| 001 |
10016271 |
| 003 |
upatras |
| 005 |
20210117204947.0 |
| 008 |
881025s1996 us eng |
| 020 |
|
|
|a 0262121972
|
| 040 |
|
|
|a GR-PaULI
|c GR-PaULI
|
| 041 |
0 |
|
|a eng
|
| 082 |
0 |
4 |
|a 126
|
| 100 |
1 |
|
|a Lycan, William G.
|9 25190
|
| 245 |
1 |
0 |
|a Consciouseness and experience
|c William G. Lycan
|
| 260 |
|
|
|a Cambridge
|b The MIT Press
|c 1996
|
| 300 |
|
|
|a xviii, 210 p.
|c 24 cm.
|
| 504 |
|
|
|a Includes bibliographical references and index
|
| 650 |
|
4 |
|a Συνείδηση
|9 4152
|
| 852 |
|
|
|a GR-PaULI
|b ΠΑΤΡΑ
|b ΒΚΠ
|b ΒΣ1
|k ΑΣΧΞ
|h 126 LYC
|m 35071
|p 025000152398
|t 1
|
| 852 |
|
|
|a GR-PaULI
|b ΠΑΤΡΑ
|b ΦΙΛΟΣΟΦΙΑ
|k ΑΣΧΞ-4
|h 126 L
|m 369
|p 025000096099
|t 2
|
| 942 |
|
|
|2 ddc
|c BK15
|
| 952 |
|
|
|0 0
|1 0
|4 0
|6 126_000000000000000_LYC
|7 0
|9 164317
|a LISP
|b LISP
|c BSC
|d 2016-04-24
|i 35071
|l 0
|o 126 LYC
|p 025000152398
|r 2016-04-24 00:00:00
|t 1
|w 2016-04-24
|y BK15
|
| 952 |
|
|
|0 0
|1 0
|4 0
|6 126_000000000000000_L
|7 0
|9 164318
|a PHIL
|b PHIL
|d 2016-04-24
|i 369
|l 0
|o 126 L
|p 025000096099
|r 2016-04-24 00:00:00
|t 2
|w 2016-04-24
|y BK15
|
| 999 |
|
|
|c 103050
|d 103050
|